000 00636nam a22001937a 4500
005 20251108171850.0
008 250721s1963 xx 000 0 ara d
082 1 4 _aط/155.4/مهر
100 1 _aمهر، جورج
245 1 0 _aمواجهة الطفل للأومات /
264 1 _aالقاهرة :
_bمكتبة النهضة المصرية،
_c1963.
300 _a112ص : مص
490 0 _aكيف نفهم الأطفال . سلسلة دراسات سيكولوجية ؛ 53
650 1 7 _aالطفل
650 1 7 _aالدراسة
700 1 _aبركات، محمد خليفة
_eترجمة
942 _2ddc
_cBK
999 _c64623
_d64623